00816nam a22002297a 450000500170000000800410001702000180005802000180007604000410009404100080013506000110014310000230015424500700017725000190024726000460026630000400031250001130035250400530046565000290051870000210054770000180056820240219113600.0230823b ||||| |||| 00| 0 eng d a9780197554418 a9780197637173 aCO-BoUCMcDavid MorenodDavid Moreno aeng aQL 3621 aBrusca, Richard C.10aInvertebrates / cRichard C. Brusca, Gonzalo Giribet, Wendy Moore aFourth edition aNew YorkbOxford University Pressc[2023] axviii, 939 Paginas bilustraciones  aRevised edition of: Invertebrates / Richard C. Brusca, Wendy Moore, Stephen M. Shuster. Third edition. 2016. aIncluye referencias bibliográficas e índices17aAnimales xInvertebrados1 aGiribet, Gonzalo1 aMoore, Wendy